000 00426pab a2200157 454500
008 180718b2017 xxu||||| |||| 00| 0 eng d
100 _aMahanta, Bobby
245 _aParadigm shift of teacher education programme: a revamping approach
260 _c2017
300 _ap.14-18.
362 _a31 Jul
650 _aTeacher education
650 _aInservice teacher education
773 _aUniversity News
909 _a115570
999 _c115564
_d115564